[Event "Oberliga Ost-B 0203"]
[Site "Germany"]
[Date "2002.10.20"]
[Round "1.3"]
[White "Regis, Georg"]
[Black "Reisch, Stefan"]
[Result "1-0"]
[WhiteElo "2145"]
[BlackElo "2181"]
[PlyCount "55"]
[EventDate "2002.10.20"]
[EventType "team"]
[EventRounds "11"]
[EventCountry "GER"]
[SourceTitle "EXT 2004"]
[Source "ChessBase"]
[SourceDate "2003.11.25"]
[SourceVersion "1"]
[SourceVersionDate "2003.11.25"]
[SourceQuality "1"]
[WhiteTeam "Dotzheim"]
[BlackTeam "Offenbach"]
[WhiteTeamCountry "GER"]
[BlackTeamCountry "GER"]

1. e4 c5 2. Nf3 d6 3. b3 Nc6 4. Bb2 Nf6 5. Nc3 e6 6. Bb5 Qc7 7. 0-0 Be7 8. Re1 0-0 9. Bxc6 Qxc6 10. d4 cxd4 11. Nxd4 Qb6 12. Na4 Qc7 13. c4 a6 14. Rc1 Re8 15. Qf3 Bd7 16. Nc3 Rac8 17. g4 Qa5 18. Kh1 Qg5 19. Rg1 Rc5 20. Rcd1 h5 21. gxh5 Qxh5 22. Qg2 Qh7 23. Rd3 Rh5 24. Rg3 g6 25. Nf3 e5 26. Ng5 Rxg5 27. Rxg5 Ng4 28. Rxg4 1-0